000 00354nam a2200157Ia 4500
001 10412
003 IN-NITTTR
005 20251114233057.0
008 251113s9999||||xx |||||||||||||| ||eng||
040 _beng
040 _cIN-NITTTR
041 _aeng
082 _a621.815 G82M R
245 0 _aMechanical details for product design /
942 _2ddc
_cBK
999 _c13049
_d13049